| 000 | 01254nam a2200241 i 4500 | ||
|---|---|---|---|
| 003 | IT-RoINE | ||
| 005 | 20190910092230.0 | ||
| 008 | 040930s1886 sp |r|||| 000|||spa|d | ||
| 040 |
_aSpMaBN _cSpMaBN IT-RoINE _dSpMaBN _dIT-RoINE |
||
| 100 | 1 |
_aBrocá, Guillermo María de, _d1850-1918 _944014 |
|
| 245 | 1 | 0 |
_aInstituciones del derecho civil catalán vigente : _bo sea exposición metódica y razonada de las leyes, costumbres y jurisprudencia de los autores y de la antigua Audiencia del Principado, completada con las doctrinas del Tribunal Supremo y precedida de una introducción histórica / _cpor Guillermo Mª de Brocá y Montagut y Juan Amell y Llopis. |
| 250 | _a2ª ed. amp., corr. y adicionada con un repertorio alfabético. | ||
| 260 |
_aBarcelona : _bImp. Barcelonesa, _c1886. |
||
| 300 |
_a2 v. (XLIV, 402 ; 461 p.) ; _c22 cm. |
||
| 336 |
_aTexto (visual) _2isbdcontent |
||
| 337 |
_2rdamedia _aunmediated |
||
| 338 |
_2rdacarrier _avolume |
||
| 504 | _aIncluye referencias bibliográficas en notas. | ||
| 650 | 0 | 4 |
_aDerecho civil _zEspaña _zCataluña _xFuentes _962305 |
| 700 | 1 |
_aAmell y Llopis, Juan _962306 |
|
| 856 | 4 | 1 |
_uhttp://bdh-rd.bne.es/viewer.vm?id=0000060872&page=1 _yEnlace a Biblioteca Digital Hispánica |
| 942 | _cMTS | ||
| 999 |
_c31776 _d31776 |
||